000
00329nam a2200121Ia 4500
008
230411s9999 xx 000 0 und d
041
_a
eng
082
_a
PA/616.96/SAR/B00499
100
_a
Sarkar
_9
176615
245
_a
Hand Book of Medical Parasiotology and Clinical Pathology
260
_a
Kolkata
999
_c
151969
_d
151969